000 01356nam a2200313 c 4500
003 BLK
005 20210814154128.0
008 180412b bul|||||r ||||||| ||bul||
010 _aKNG00001717000
040 _aBLK
080 _aБългарска литература
_b821.163.2
_x-93-32(084)
_z821.163.2-93-32(084)
700 1 _aПъдарева, Елена Александрова
_eхудож.
_9243342
700 1 _aИванова, Цветанка
_eтекст
_9243343
139 _aПъдарева, Елена Александрова
_bП 96
245 1 0 _aНашата градина
_bКартинна кн.
_cхудож. Елена Александрова Пъдарева; текст Цветанка Иванова.
260 София
_bОтечество
_c1990
_fРусе : Дунав
300 _a12 с.
_bс цв. ил.
_c15Х16 см
380 _aDX
490 1 _aПоредица Детски свят
500 _aАвт. отбелязана в библиогр. каре. - Офс. изд. - 60 067 тир.
653 _aкнижки-картинки
653 _aлитература за деца
653 _aдетска литература
852 _aЦб І 35192
856 4 _qpdf
_u
856 4 _qpdf
_u
942 _cKNG
_n0
_01
944 _aCR
_c02.08.2013
_lф /
_kЛюдмила_Стоянова
944 _aED
_c02.08.2013
_lф /
_k
999 _c970
_d970